00603nam a2200169 a 450000100100000000500170001000800410002704000250006810000340009324500620012726000490018930000320023850000320027004900090030295201050031199900170041600002699720200930030534.0110328s1996 dr ac 000 0 spa d aDO-SdBNPbspacBNPHU1 aTorres Tejeda, Jesús95409610aFichero artístico dominicano /cJesús Torres Tejedas. aSanto Domingo :bEditora Intergrafic,c1996. av. :bil., retrs. ;c28 cm. aLa biblioteca posee el v. 1 aBNPD 0010718PDaPDbPDcCTd2011-03-28iLF1l0o p26997-10r2020-06-25w2020-06-25yLFPDZNo se presta c26489d26489